000 00891cab a2200289 4500
001 WB2719-02
008 090401t1991 xxu||||| |||| 00| 0 eng d
035 _a(Sirsi) u73931
041 _aeng
245 _aDebt distribution
260 _c1991
350 _a0
490 _aBuilding
_vvol 256 no 7696 10/5/91 p15
520 _aReviews a study of debt levels at 22 quoted builders commissioned by Building from broker Carr Kitcat and Aitken which showed that five companies are seriously over borrowed but six have virtually no debt.
650 _aANGLIA SECURE HOMES
650 _aCONSTRUCTION COMPANIES
650 _aCOSTAIN
650 _aCOUNTRYSIDE
650 _aFINANCE
650 _aHOUSE BUILDERS
650 _aMCCARTHY AND STONE
650 _aQUOTED COMPANIES
650 _aWALTER LAWRENCE
690 _aBUILT ENVIRONMENT
942 _n0
948 _c04/03/1997
999 _c46661
_d46661